<?xml version="1.0" encoding="UTF-8"?><?xml-stylesheet type="text/xsl" href="static/style.xsl"?><OAI-PMH xmlns="http://www.openarchives.org/OAI/2.0/" xmlns:xsi="http://www.w3.org/2001/XMLSchema-instance" xsi:schemaLocation="http://www.openarchives.org/OAI/2.0/ http://www.openarchives.org/OAI/2.0/OAI-PMH.xsd"><responseDate>2026-04-13T02:33:03Z</responseDate><request verb="GetRecord" identifier="oai:www.recercat.cat:2445/226544" metadataPrefix="marc">https://recercat.cat/oai/request</request><GetRecord><record><header><identifier>oai:recercat.cat:2445/226544</identifier><datestamp>2026-04-08T13:15:16Z</datestamp><setSpec>com_2072_1057</setSpec><setSpec>col_2072_478819</setSpec><setSpec>col_2072_478917</setSpec></header><metadata><record xmlns="http://www.loc.gov/MARC21/slim" xmlns:dcterms="http://purl.org/dc/terms/" xmlns:xsi="http://www.w3.org/2001/XMLSchema-instance" xmlns:doc="http://www.lyncode.com/xoai" xsi:schemaLocation="http://www.loc.gov/MARC21/slim http://www.loc.gov/standards/marcxml/schema/MARC21slim.xsd">
   <leader>00925njm 22002777a 4500</leader>
   <datafield ind2=" " ind1=" " tag="042">
      <subfield code="a">dc</subfield>
   </datafield>
   <datafield ind2=" " ind1=" " tag="720">
      <subfield code="a">Padró Nieto, Bernat</subfield>
      <subfield code="e">author</subfield>
   </datafield>
   <datafield ind2=" " ind1=" " tag="260">
      <subfield code="c">2026-02-02T13:41:50Z</subfield>
   </datafield>
   <datafield ind2=" " ind1=" " tag="260">
      <subfield code="c">2025</subfield>
   </datafield>
   <datafield ind2=" " ind1=" " tag="260">
      <subfield code="c">info:eu-repo/date/embargoEnd/2150-01-01</subfield>
   </datafield>
   <datafield ind2=" " ind1=" " tag="520">
      <subfield code="a">Los poderes de la escritura permiten que un enunciado pueda circular más allá de las circunstancias geoculturales e históricas de su producción. Esta capacidad de interpelar a un número indeterminado de personas convierte el texto escrito en un dispositivo ideológico de primer orden. Ya en las ciudades-estado sumerias de Mesopotamia, la primera civilización letrada conocida, las actividades textuales constituyeron una institución imprescindible para la promoción de la cohesión socio-cultural (Even-Zohar, 1994: 359-360). Para que una comunidad cultural pueda reconocer en una obra unos valores compartidos que representen lo mejor de ella, y para que esta representatividad ejerza de modelo formativo para la auto-reproducción del colectivo, es preciso que tal obra sea investida con un estatuto que llamaremos monumental. A grandes rasgos, entendemos el régimen simbólico de la monumentalización de la literatura como la fijación, mediante la escritura, de un texto que, de esta forma, se autonomiza de su contexto de emergencia para generar efectos más allá del tiempo y del espacio.</subfield>
   </datafield>
   <datafield tag="653" ind2=" " ind1=" ">
      <subfield code="a">Teoria de la literatura</subfield>
   </datafield>
   <datafield tag="653" ind2=" " ind1=" ">
      <subfield code="a">Influència cultural</subfield>
   </datafield>
   <datafield tag="653" ind2=" " ind1=" ">
      <subfield code="a">Monuments</subfield>
   </datafield>
   <datafield tag="653" ind2=" " ind1=" ">
      <subfield code="a">Theory of literature</subfield>
   </datafield>
   <datafield tag="653" ind2=" " ind1=" ">
      <subfield code="a">Cultural influence</subfield>
   </datafield>
   <datafield tag="653" ind2=" " ind1=" ">
      <subfield code="a">Monuments</subfield>
   </datafield>
   <datafield ind2="0" ind1="0" tag="245">
      <subfield code="a">La monumentalización de la literatura</subfield>
   </datafield>
</record></metadata></record></GetRecord></OAI-PMH>